000 00613nam a22002177a 4500
003 OSt
005 20250911020003.0
008 150602b xxu||||| |||| 00| 0 eng d
020 _a0716735687
040 _cDDC
082 _a537 LOR 2000
100 _aLoraine, Paul
_95152
245 _aFundamentals of Electronic Phenomena
260 _aNew york;
_bW.H fFreeman & company,
_c2000
300 _axii;505p.
_bill;
_c24cm
504 _aReferences & index included
651 _aelectromagnetic
_95153
651 _aphenomena
_95154
700 _aCorson, Dale R; Lorrain, Francis
_95155
942 _2ddc
_cO_SHELF
_02
999 _c1961
_d1961